Histoire de la philosophie moderne dans ses rapports avec le développement des sciences de la nature / (Record no. 161345)

MARC details
000 -LEADER
campo de control de longitud fija 00866nam a22001935i 4500
001 - NÚMERO DE CONTROL
campo de control 161345
003 - IDENTIFICADOR DE NÚMERO DE CONTROL
campo de control ES-MaACL
005 - FECHA Y HORA DE LA ÚLTIMA TRANSACCIÓN
campo de control 20250728221711.0
008 - DATOS DE LONGITUD FIJA--INFORMACIÓN GENERAL
campo de control de longitud fija 020917s1876 fr |||| | fre d
040 ## - FUENTE DE CATALOGACIÓN
Centro catalogador/agencia de origen CCPB | B
Lengua de catalogación spa
Centro/agencia transcriptor CCPB | B
100 1# - ENTRADA PRINCIPAL--NOMBRE DE PERSONA
Nombre de persona Papillon, Fernand.
9 (RLIN) 130816
245 10 - MENCIÓN DEL TÍTULO
Título Histoire de la philosophie moderne dans ses rapports avec le développement des sciences de la nature /
Mención de responsabilidad, etc. ouvrage posthume de Fernand Papillon ; publié sur le désir de sa famille par Charles Lévèque ; avec une notice biographique.
260 ## - PUBLICACIÓN, DISTRIBUCIÓN, ETC.
Lugar de publicación, distribución, etc. Paris :
Nombre del editor, distribuidor, etc. Librairie Hachette et Cie,
Fecha de publicación, distribución, etc. 1876 (
Fabricante Imprimerie de Martinet)
300 ## - DESCRIPCIÓN FÍSICA
Extensión 2 v. (XXXVI, XXXII, 351; XXV, 419 p.) ;
Dimensiones 23 cm.
650 #7 - PUNTO DE ACCESO ADICIONAL DE MATERIA--TÉRMINO DE MATERIA
Término de materia o nombre geográfico como elemento de entrada Filosofía de la naturaleza
Fuente del encabezamiento o término embne
9 (RLIN) 12839
700 1# - ENTRADA AGREGADA--NOMBRE PERSONAL
Nombre de persona Lévêque, Charles (
Fechas asociadas al nombre 1818-1900)
9 (RLIN) 129189
852 ## - LOCALIZACIÓN
Ubicación ES-MaACL
Número de control de estantería F-10441-42
Nota libre -- Enc. cart.
Holdings
Estatus retirado Estado de pérdida Estado de daño No para préstamo Colección Biblioteca de origen Biblioteca actual Ubicación en estantería Fecha de adquisición Total de préstamos Signatura topográfica completa Código de barras Visto por última vez Precio de reemplazo Tipo de ítem Koha
        Libros del s. XIX Biblioteca del Ateneo de Madrid Biblioteca del Ateneo de Madrid Sala Pecera Planta 2 17/01/2008   F-10441-42 1168999 23/02/2023 23/02/2023 Libro impreso antiguo